[Event "AN PASAN Sofia - ALCOR Bucuresti"]
[Site "Vonesta Voda"]
[Date "2016.12.27"]
[Round "2.1"]
[White "Ulian, Andrei-Octavian"]
[Black "Hristov, Deyan"]
[Result "1/2-1/2"]
[WhiteElo "1487"]
[BlackElo "1495"]
[PlyCount "117"]
[EventDate "2016.12.26"]
[EventType "schev"]
[EventRounds "6"]
[EventCountry "BUL"]

1. e4 e5 2. Nf3 Nc6 3. d4 exd4 4. Bc4 h6 5. Nxd4 Bc5 6. Nxc6 Qf6 7. O-O dxc6 (
7... Qxc6 8. Bb3 (8. Bd5 Qg6 9. Bf4 c6 10. Bb3 Ne7 11. Nc3 O-O 12. Qe2 b5 13.
Rad1 a5 14. a3 Ba6 15. Nb1 b4 16. Bc4 Bc8 17. Bg3 d6 18. a4 Bg4 19. Qd2 Bxd1
20. Rxd1 Qxe4 21. Bd3 Qd5 22. Bf4 Ng6 {
Bielik,J (1584)-Genzor,M (1643) Slovakia 2016 1/2 (76)}) 8... Ne7 9. Nc3 O-O
10. Na4 b6 11. Nxc5 bxc5 12. Qe2 Bb7 13. Rd1 Rae8 14. f3 d5 15. exd5 Nxd5 16.
Qd3 Nb4 17. Qc3 Qg6 18. Bf4 Re2 19. Bg3 Nxc2 20. Bc4 Nxa1 21. Bxe2 Re8 22. Bd3
{Travkina,A (2083)-Solomonova,N Smolensk 2008 1-0 (39)}) 8. Qh5 $146 (8. Nc3
Ne7 9. Qe2 O-O 10. a3 Qg6 11. Kh1 Bd6 12. b4 Qf6 13. Bd2 Qh4 14. e5 Bg4 15. Qe4
Nf5 16. exd6 cxd6 17. f3 Ng3+ 18. Kg1 Nxe4 {
0-1 (18) Abdulrahim,S (1305)-Aravind,V Al Ain 2013}) (8. Be3 Bb6 (8... Bd6 9.
Bd4 Qg6 10. e5 Bh3 11. Qf3 Bg4 12. Qg3 Be7 13. Bd3 Qe6 14. h3 O-O-O 15. Be3 Bf5
16. Bxf5 Qxf5 17. Qg4 Qxg4 18. hxg4 f6 19. exf6 Nxf6 20. g5 Nd5 21. gxh6 gxh6
22. Nc3 Nxc3 23. bxc3 {Berta,S (1825)-Vodila,V (1449) Miskolc 2010 0-1 (40)})
9. Nc3 Be6 10. Bxe6 fxe6 11. Bxb6 cxb6 12. Qd6 Qe7 13. Qd4 Nf6 14. Rad1 Rd8 15.
Qe5 O-O 16. h3 Rfe8 17. f4 Kf8 18. f5 Rxd1 19. Rxd1 exf5 20. Qxf5 Qc5+ 21.
Qxc5+ bxc5 22. Re1 Kf7 {
Ortega Lopez,M-Salas Fernandez,A (1647) Padron 2008 1-0 (37)}) 8... Bb6 9. e5 (
9. Bg5 $142 $1 Qg6 10. Qxg6 fxg6 11. Bd2 $14) 9... Qf5 $11 10. Qxf5 Bxf5 11. c3
Ne7 12. Nd2 O-O 13. Nf3 Ng6 14. Re1 Rfe8 15. h3 Re7 16. Nd4 (16. Be3 $11) 16...
Nh4 (16... Rxe5 $142 17. Be3 Be4 $17) 17. Nxf5 $14 Nxf5 18. Bf4 g5 19. Bh2 Rae8
20. Rad1 Nd6 21. Bb3 Kf8 22. Kf1 Nf5 23. a3 (23. g3 Ng7 $16) 23... Nh4 24. Rd2
Ng6 25. Rde2 c5 (25... Kg7 $142 $14) 26. Bd5 (26. e6 $142 $16) 26... c6 $15 27.
Ba2 Bc7 {e5 ïðèâëåêàåò ê ñåáå òÿæåëóo^ àðòèëëåðèo^} 28. e6 (28. Bb1 $142 $5 $15
) 28... Bxh2 $17 29. g3 f5 (29... f6 30. Bb1 Ne5 31. Bf5 $17) 30. Kg2 (30. Bb1
$5 $11) 30... Bxg3 $17 31. fxg3 f4 (31... Kg7 32. Bb1 Kf6 33. Rf2 Rxe6 34.
Rxe6+ Rxe6 35. Rxf5+ Kg7 36. Ba2 Re2+ 37. Rf2 Rxf2+ 38. Kxf2 $17) 32. Rf2 $2 (
32. Bb1 $142 $5 Kg7 33. Bxg6 Kxg6 34. gxf4 gxf4 35. Re4 $11) 32... Kg7 33. Rg1
$2 (33. Rd2 $142 $5 $17) 33... b5 34. gxf4 $2 (34. Rgf1 Ne5 $19) 34... Nxf4+
35. Kh2 Nxe6 (35... Kf6 $5 36. h4 $19) 36. h4 c4 37. Bb1 Rd7 38. Re1 Nc7 (38...
gxh4 $6 39. Rg2+ Kf8 40. Bg6 $11) 39. Rg1 (39. Rxe8 Nxe8 40. Be4 Rd6 $17) 39...
Re5 (39... Rf7 40. Kg2 $19) 40. hxg5 Rxg5 41. Rfg2 (41. Rxg5+ hxg5 42. Be4 Nd5
$17) 41... Ne6 42. Bf5 (42. a4 Rd6 $19) 42... Kf6 43. Rxg5 $2 (43. Bg4 Rdg7 44.
Bf3 Nf4 45. Rxg5 hxg5 $19) 43... hxg5 44. Bxe6 (44. Be4 Nf4 45. Rf1 Rd2+ 46.
Kg3 Rxb2 47. Bxc6 Kf5 $19) 44... Kxe6 (44... Rd2+ $142 45. Kg3 Kxe6 $19) 45.
Rxg5 Rd2+ (45... Rd5 46. Rg6+ Kf5 47. Rxc6 Rd2+ 48. Kg3 Ke4 49. Re6+ Kd3 $19)
46. Rg2 $17 Rxg2+ (46... Rd3 $142 $5 $17) 47. Kxg2 $11 Ke5 48. Kf3 a5 49. Ke3
Kd5 50. Kf4 c5 51. a4 bxa4 52. Ke3 Kc6 53. Kd2 a3 54. bxa3 Kb5 55. Kc2 Ka4 56.
Kb2 Kb5 57. Kc2 Kc6 58. Kd2 Kd6 59. Ke2 1/2-1/2

[Event "AN PASAN Sofia - ALCOR Bucuresti"]
[Site "Vonesta Voda"]
[Date "2016.12.27"]
[Round "3.1"]
[White "Stoyanov, Georgi"]
[Black "Chivulescu, Adrian-Alexandru"]
[Result "1-0"]
[WhiteElo "1895"]
[BlackElo "1750"]
[PlyCount "61"]
[EventDate "2016.12.26"]
[EventType "schev"]
[EventRounds "6"]
[EventCountry "BUL"]

1. e4 e5 2. Nf3 Nc6 3. Bc4 Bc5 4. O-O Nf6 5. d4 Bxd4 6. Nxd4 Nxd4 7. f4 d6 8.
fxe5 dxe5 9. Bg5 Qe7 10. c3 Ne6 11. Bxf6 Qc5+ 12. Kh1 Qxc4 13. Bxe5 Qxe4 (13...
Qb5 14. Rf5 Qxb2 15. c4 Qb4 16. Nd2 O-O 17. Rb1 Qe7 18. Nb3 Ng5 19. Rxg5 Qxg5
20. Bxc7 Re8 21. e5 Bg4 22. Qd5 b6 23. Nd4 Be6 24. Qc6 Rac8 25. c5 Qd2 26. Qd6
Bxa2 27. Rg1 bxc5 28. Nb5 {
Rosenhain,R (1805)-Schneider,J (2093) Willingen 2016 0-1 (33)}) 14. Bxc7 O-O
15. Nd2 (15. Bg3 b6 16. Nd2 Qc6 17. Qf3 Bb7 18. Qxc6 Bxc6 19. Nf3 Rad8 20. Ne5
Bb7 21. Rfd1 Nc5 22. Nc4 Ne4 23. Nd6 Bc6 24. Nxe4 Bxe4 25. Kg1 f6 26. Bc7 Rc8
27. Bf4 Rc4 28. g3 Bf5 29. Kf2 Re8 {
Collins,S (2408)-Gyimesi,Z (2598) Tromsoe 2010 1/2 (33)}) 15... Qc6 $146 (15...
Qg6 16. Bg3 b6 17. Nf3 Bb7 18. Nh4 Qe4 19. Qh5 Rad8 20. Rae1 Qc2 21. Qg4 Rd2
22. Be5 h5 23. Qg3 Rfd8 24. Nf3 Re2 25. Bxg7 Nxg7 26. Qc7 Bxf3 27. Qxd8+ Kh7
28. Rxe2 Qxe2 29. Rg1 Be4 30. Qc7 {
Bonafede,A (2310)-D'Amore,C (2485) Siena 2010 0-1 (40)}) 16. Bg3 Ng5 17. Nf3
Ne4 18. Bf4 Qb5 19. Qd4 Nc5 (19... Bf5 20. a4 Qd7 21. Qxd7 Bxd7 22. Be3 $11)
20. c4 Qc6 21. Ne5 Qb6 22. Be3 Nd7 23. Qxb6 Nxb6 24. Bc5 Re8 25. Rxf7 Nxc4 $2 (
25... Bg4 $142 $1 26. Re7 Nd7 27. Nxg4 Nxc5 $14) 26. Nxc4 $16 Kxf7 $2 (26...
Be6 $142 27. Rxb7 Bd5 $18) 27. Nd6+ $18 Kf8 (27... Kg6 28. Nxe8 Bd7 $18) 28.
Rf1+ Ke7 29. Re1+ Be6 30. Nxe8+ Kd7 31. Nxg7 1-0

[Event "AN PASAN Sofia - ALCOR Bucuresti"]
[Site "Vonesta Voda"]
[Date "2016.12.27"]
[Round "3.1"]
[White "Pavlov, Vladimir"]
[Black "Stepanencu, Nicodim-Cosmin"]
[Result "1-0"]
[WhiteElo "1903"]
[BlackElo "1688"]
[PlyCount "45"]
[EventDate "2016.12.26"]
[EventType "schev"]
[EventRounds "6"]
[EventCountry "BUL"]

1. e4 c5 2. Nc3 a6 3. f4 Nc6 4. Nf3 g6 5. d3 (5. d4 cxd4 6. Nxd4 Bg7 7. Be3 d6
8. Nxc6 bxc6 9. Be2 Rb8 10. Qc1 Qa5 11. Bd2 Qb6 12. Na4 Qa7 13. Nc3 Bd4 14. Nd1
Nf6 15. c3 Bb6 16. Qc2 Ng4 17. Qa4 O-O 18. Bxg4 Bxg4 19. Qxc6 Bxd1 {
Comp Chess 4.7 -Levy,D (2320) Toronto 1978 0-1 (37)}) 5... Bg7 6. Be2 (6. g3 e6
7. e5 d5 8. exd6 Qxd6 9. Ne4 Qe7 10. Bg2 Nf6 11. O-O O-O 12. Qe2 Nd5 13. c4 Nc7
14. Be3 b6 15. Qf2 Bb7 16. d4 f5 17. Nc3 Nxd4 18. Nxd4 Bxg2 19. Kxg2 cxd4 20.
Bxd4 Bxd4 {Toshali,V (1766)-Tao,R (1649) Khanty-Mansiysk 2016 1/2 (74)}) 6...
e6 7. Be3 $146 (7. e5 d6 8. exd6 Qxd6 9. Rb1 Nf6 10. O-O O-O 11. Ne4 Qe7 12. c3
Rd8 13. Qc2 Nd5 14. Bd2 Bd7 15. a3 Rac8 16. g3 h6 17. Nh4 Kh7 18. Ng2 Be8 19.
Rbe1 b5 20. Bf3 Qa7 21. Kh1 Nce7 {
Asvang,J-Remman,F (1959) Tromsoe 2007 0-1 (39)}) 7... Nd4 8. e5 Nxe2 (8... Ne7
$5 9. Ne4 Nef5 $14) 9. Qxe2 $16 (9. Nxe2 $6 d6 $11) (9. Kxe2 $6 b6 $11) 9... d6
(9... b6 10. Ne4 Bf8 11. Bd2 $16) 10. Ne4 dxe5 $2 (10... Bf8 $142 11. exd6 Bxd6
$16) 11. fxe5 Bf8 (11... f5 12. Nd6+ Kf8 13. Bxc5 $18) 12. Bg5 (12. O-O Be7 13.
Bg5 Qc7 14. Bxe7 Nxe7 15. Nd6+ Kd7 16. Nxf7 Rg8 $18) 12... Qa5+ (12... Qc7 13.
O-O $18) 13. c3 (13. Nfd2 $5 b5 $18) 13... h6 14. Bf6 (14. Bh4 $142 $5 Qc7 $18)
14... Nxf6 15. Nxf6+ (15. exf6 $6 Bd7 $11) 15... Ke7 (15... Kd8 $18) 16. O-O
Bg7 (16... Kd8 17. Nd2 $18) 17. Nd2 Qc7 18. Nc4 Rd8 (18... Rf8 19. Rad1 b5 20.
Nd6 $18) 19. Rf2 b5 (19... Bd7 20. Raf1 Rf8 21. Nd6 Bxf6 22. Rxf6 $18) 20. Nd6
Rxd6 21. exd6+ Qxd6 22. Qf3 Ra7 23. Ne4 1-0

[Event "AN PASAN Sofia - ALCOR Bucuresti"]
[Site "Vonesta Voda"]
[Date "2016.12.27"]
[Round "3.1"]
[White "Kolev, Lachezar"]
[Black "Schiopu, Andreea-Alexandra"]
[Result "1-0"]
[WhiteElo "1856"]
[BlackElo "1620"]
[PlyCount "67"]
[EventDate "2016.12.26"]
[EventType "schev"]
[EventRounds "6"]
[EventCountry "BUL"]

1. e4 c6 2. Ne2 d5 3. e5 Bf5 4. Ng3 Bg6 5. h4 h6 6. h5 Bh7 7. e6 fxe6 8. d4 e5
9. dxe5 e6 10. Bd3 Bxd3 11. Qxd3 Ne7 (11... Qd7 12. O-O Bc5 13. Be3 Na6 14.
Bxc5 Nxc5 15. Qd4 Na6 16. Qg4 Ne7 17. Qxg7 O-O-O 18. Nd2 Rdg8 19. Qf6 Rf8 20.
Qh4 Nf5 21. Qh3 Rhg8 22. Nf3 Nc5 23. Nh4 Nxh4 24. Qxh4 Qg7 25. Rad1 Rf5 26. Qh3
{Fernandez Romero,E (2469)-Ageichenko,G (2407) Moscow 2005 0-1 (33)}) 12. O-O
Qb6 $146 (12... Nd7 13. Nc3 (13. Re1 Qc7 14. Qd4 Nb6 15. Qg4 Qd7 16. Be3 O-O-O
17. Bxb6 axb6 18. Nd2 c5 19. a4 Nc6 20. Nb1 c4 21. Nc3 Bb4 22. Re2 Bxc3 23.
bxc3 Kc7 24. f4 Rhf8 25. Rd2 Qf7 26. Ne2 Rg8 27. Qg6 Rdf8 {
Silva,M (1622)-Ribeiro,R (1510) Luso 2014 1/2 (84)}) 13... Qc7 14. Bf4 O-O-O
15. b4 Rg8 16. Nge2 g5 17. Bh2 Bg7 18. Nd4 Nf8 19. Rfe1 Qd7 20. a4 Nf5 21. Nb3
Qc7 22. a5 Nd7 23. b5 Rdf8 24. a6 b6 25. bxc6 Qxc6 26. Nb5 Nb8 27. N5d4 {
Csonka,B (1989)-Zsembery,A (1712) Balatonlelle 2009 1-0}) (12... c5 13. b3 $11)
13. b3 (13. Ne2 $5 Qc7 14. Qc3 $14) 13... Nd7 $11 14. Re1 O-O-O 15. Nd2 c5 (
15... g5 $5 $15) 16. Nf3 Nc6 (16... Rg8 17. c4 $14) 17. c3 Na5 $2 (17... Kb8
18. Qg6 c4 19. b4 $16) 18. Be3 (18. Qg6 Be7 $18) 18... Qc7 $2 {
><åðíûå ïëàíèðóo^ò c4} (18... Nc6 19. Bd2 $14) 19. Bf4 (19. Qg6 Qc6 $18) 19...
c4 (19... Nb6 $16) 20. Qc2 $4 (20. Qg6 Nc5 21. Nd4 Qd7 $18) 20... cxb3 $4 (
20... Nc5 $142 $11) 21. axb3 $18 a6 (21... Nc6 22. Qg6 Bc5 23. Qxe6 $18 (23.
Qxg7 $4 Rdg8 24. Bxh6 Rxg7 25. Bxg7 Rh7 $19)) 22. Nd4 Qb6 (22... Re8 23. Qg6
Bc5 24. Nxe6 $18 (24. Qxg7 Reg8 25. Qf7 Rf8 26. Qxe6 Rxf4 27. Qxd5 Bxd4 28.
cxd4 Nc6 $11)) 23. Qa2 (23. Be3 $142 $5 Bc5 24. b4 Nc4 25. bxc5 Nxc5 $18) 23...
Nc6 24. Nxe6 Re8 25. Nxf8 (25. Be3 $142 Qb5 26. Nd4 Nxd4 27. Bxd4 $18) 25...
Rhxf8 26. Be3 Qc7 (26... Qd8 $142 27. e6 Rxe6 $18) 27. f4 $18 Qd8 (27... Nd8
28. b4 Nb6 29. b5 axb5 30. Qb1 $18) 28. Qd2 (28. Qc2 $142 $18) 28... Rg8 (28...
Qh4 29. Ne2 Qxh5 $18) 29. Nf5 Kb8 (29... Ndxe5 30. fxe5 Rxe5 31. Nd4 $18) 30.
b4 (30. Qxd5 $142 Qc7 31. b4 Rd8 $18) 30... Ref8 (30... Nb6 31. b5 $1 Nc4 32.
Qa2 $18) 31. Nd6 (31. b5 $142 axb5 32. Nd6 $18) 31... Na7 (31... g5 32. e6 gxf4
33. Bxf4 Rxf4 34. Qxf4 Nde5 $18) 32. Qa2 (32. Qxd5 Nc6 33. Rxa6 Qc7 $18) 32...
Nb6 33. Nxb7 $1 Kxb7 34. Qxa6+ 1-0

[Event "AN PASAN Sofia - ALCOR Bucuresti"]
[Site "Vonesta Voda"]
[Date "2016.12.27"]
[Round "3.1"]
[White "Nanovski, Stiliyan"]
[Black "Ulian, Andrei-Octavian"]
[Result "0-1"]
[WhiteElo "1781"]
[BlackElo "1487"]
[PlyCount "78"]
[EventDate "2016.12.26"]
[EventType "schev"]
[EventRounds "6"]
[EventCountry "BUL"]

1. c4 e6 2. d4 d5 3. Nc3 Be7 4. Nf3 Nf6 5. Bg5 h6 6. Bh4 O-O 7. e3 b6 8. cxd5
exd5 9. Bd3 Be6 10. O-O Nbd7 11. Qc2 (11. Ne5 Nxe5 12. dxe5 Nd7 13. Bxe7 Qxe7
14. f4 f5 15. Rc1 c6 16. Ne2 c5 17. Nc3 Rad8 18. Nb5 a6 19. Nd6 c4 20. Bc2 Nc5
21. Qh5 Rxd6 22. exd6 Qxd6 23. Rcd1 Nd7 24. a3 a5 25. Rd4 b5 {
Babula,V (2530)-Jaworski,M (2360) Czechia 1995 1-0 (38)}) 11... c5 12. b3 $146
(12. Bf5 Rc8 (12... Bxf5 13. Qxf5 g6 14. Qd3 c4 15. Qc2 Qc7 16. Rfd1 Rfd8 17.
Bg3 Qc6 18. Ne5 Nxe5 19. dxe5 Ne4 20. Nxe4 dxe4 21. Rd4 Rxd4 22. exd4 Rd8 23.
Rd1 b5 24. Bf4 h5 25. Qd2 Qd5 26. a3 Rd7 27. Bg5 {
Hermsen,F (1913)-Lund,S (2417) Goch 2013 0-1 (40)}) 13. Rad1 Qc7 14. Bxe6 fxe6
15. e4 dxe4 16. Nxe4 c4 17. Rfe1 Rce8 18. Bxf6 Nxf6 19. Nxf6+ Bxf6 20. b3 b5
21. bxc4 bxc4 22. Rc1 Rc8 23. Qe2 c3 24. Qxe6+ Qf7 25. h3 Qxe6 26. Rxe6 Rc4 {
Martirosyan,H (2328)-Babujian,L (2484) Yerevan 2014 1-0 (59)}) (12. Rac1 a6 13.
a4 Re8 14. Rfd1 Qc7 15. Bf5 Qc6 16. Ne2 Bxf5 17. Qxf5 c4 18. Ne5 Qe6 19. Qf3
Nxe5 20. dxe5 Qxe5 21. Bxf6 Bxf6 22. Nc3 Red8 23. Nxd5 b5 24. Rd2 Be7 25. Rcd1
Rab8 26. axb5 axb5 {Bury,R (2088)-Manak,J (2009) Slovakia 2009 1/2 (43)}) 12...
Qc8 {><åðíûå ãîòîâÿò ïðîäâèæåíèå ïåøêè íà c4} 13. dxc5 bxc5 14. Rac1 Nb6 {
><åðíûå ãîòîâÿò õîä c4} 15. e4 c4 16. bxc4 (16. e5 $5 cxd3 17. Qxd3 $16) 16...
dxc4 $14 17. Be2 Re8 18. e5 (18. Rfd1 Qc5 $16) 18... Nfd5 $11 19. Nxd5 (19.
Bxe7 $5 Rxe7 20. Nd4 $11) 19... Bxd5 $15 20. Bg3 Qb7 21. Rcd1 (21. Qb2 Be4 $15)
21... Rad8 (21... Be4 22. Qb2 Rac8 $17) 22. Nh4 $2 (22. Rd4 Bc5 23. Rf4 Qa6 $15
) 22... Rc8 (22... Bxh4 $142 23. Bxh4 g5 $17) 23. Bf3 $2 (23. Bg4 $142 Bxh4 24.
Bxh4 $15) 23... Bxh4 $19 24. Bxd5 Nxd5 25. Bxh4 Rxe5 26. Bg3 Rg5 27. Rb1 (27.
Rd4 Nb4 28. Qe2 Nd3 $19) 27... Qc6 $19 28. Rfe1 Qc5 (28... a5 $142 29. a3 Nf4
$19) 29. h4 $4 (29. Rb8 $142 Rxb8 30. Bxb8 $17) 29... Rxg3 $19 30. Re5 (30. Qe4
Rg6 31. Rec1 Rf6 $19) 30... Rd3 (30... Rxg2+ $142 $1 31. Kf1 Rh2 32. Kg1 Rxh4
33. Rd1 $19) 31. Rbe1 Qc6 32. Rc1 (32. R5e2 $19) 32... Nf4 33. f3 Rcd8 34. Re4
R3d4 (34... Rd2 $142 35. Rxf4 Rxc2 36. Rxc2 $19) 35. Rxd4 Rxd4 36. Rb1 Rd8 37.
Rb4 (37. g3 Nh5 38. Re1 $19) 37... Qc5+ 38. Kh2 Qxb4 39. Qf5 Qd6 0-1

[Event "AN PASAN Sofia - ALCOR Bucuresti"]
[Site "Vonesta Voda"]
[Date "2016.12.27"]
[Round "3.1"]
[White "Lenkova, Lyubomira"]
[Black "Stefan, Mihai"]
[Result "0-1"]
[WhiteElo "1260"]
[BlackElo "1893"]
[PlyCount "82"]
[EventDate "2016.12.26"]
[EventType "schev"]
[EventRounds "6"]
[EventCountry "BUL"]

1. d4 Nf6 2. c4 c5 3. d5 e6 4. Nc3 exd5 5. cxd5 d6 6. Nf3 g6 7. e4 Bg7 8. Bc4
O-O 9. O-O Re8 10. Re1 Nbd7 (10... Bg4 11. h3 (11. Bf4 a6 12. a4 Nh5 13. h3
Nxf4 14. hxg4 g5 15. Nd2 Nd7 16. g3 Ng6 17. Rf1 Nde5 18. Be2 Rc8 19. f4 Nd7 20.
Bd3 Qb6 21. Nc4 Qc7 22. Qf3 Bd4+ 23. Kh1 Bxc3 24. bxc3 b5 25. axb5 axb5 {
Boehme,L (1786)-Kardoeus,D (1771) Germany 2012 1-0 (44)}) 11... Bxf3 12. Qxf3
a6 13. a4 Nbd7 14. Bf4 Ne5 15. Qe2 Nh5 16. Bh2 Qg5 17. Bb3 Nf4 18. Bxf4 Qxf4
19. Rad1 Rab8 20. Qd2 Qxd2 21. Rxd2 b5 22. axb5 axb5 23. f3 b4 24. Nd1 Bh6 25.
Rc2 {Vlk,M (2178)-Nepomucky,O (2120) Moravia 2003 0-1 (34)}) 11. Bf4 Bf8 $146 (
11... Ne5 12. Nxe5 dxe5 13. Be3 b6 14. f3 a6 15. a4 Bd7 16. Qb3 Qb8 17. Reb1
Bf8 18. Qc2 Qb7 19. Qe2 Reb8 20. b3 Ne8 21. Ra2 Nd6 22. Rba1 Nxc4 23. bxc4 a5
24. Rb1 Qc8 25. Rab2 Ra6 {1/2 (25) Hastings,J (2215)-Gibson,W Aberdeen 1994}) (
11... a6 12. h3 $11) 12. Qc2 (12. h3 $5 $16) 12... a6 $14 13. a4 Qc7 (13... Ng4
14. h3 Nde5 15. Nxe5 Nxe5 16. Bxe5 Rxe5 17. f4 $11) 14. Nd2 (14. Be2 Nh5 15.
Be3 b6 $16) 14... Ng4 (14... Nh5 15. Bg5 $14) 15. h3 (15. Be2 Ngf6 $16) 15...
Nge5 16. Bg3 (16. Be2 Qd8 $16) 16... Rb8 17. Be2 Nf6 18. Bh4 Bg7 19. f4 Ned7
20. Rac1 Nf8 21. Nc4 b5 22. axb5 axb5 23. Nd2 c4 24. b3 $4 (24. b4 $142 $14)
24... b4 $17 25. Na4 c3 26. Bxf6 $4 (26. Bf3 Bd7 27. Bf2 Bb5 $19) 26... Bxf6 (
26... Qa7+ $142 27. Kh2 cxd2 (27... Bxf6 $6 28. Nc4 $17) 28. Qxd2 Bxf6 $19) 27.
Nc4 $17 Bd7 28. Rb1 $2 (28. Ra1 $142 $17) 28... Bxa4 $19 29. bxa4 Nd7 30. Bf1 (
30. Kh1 Nc5 31. e5 dxe5 $19) 30... Nc5 (30... Bd4+ $142 31. Kh1 Nc5 $19) 31. a5
(31. e5 dxe5 32. fxe5 Bxe5 33. Rxe5 Rxe5 34. d6 $19) 31... b3 32. Qe2 c2 33.
Rbc1 Rxe4 34. Qf3 Rxe1 35. Rxe1 b2 36. Nxb2 Bxb2 37. a6 c1=Q 38. Rxc1 Bxc1 39.
Qg4 Nxa6 $1 40. Bxa6 Qa7+ 41. Kh1 Qxa6 0-1

[Event "AN PASAN Sofia - ALCOR Bucuresti"]
[Site "Vonesta Voda"]
[Date "2016.12.28"]
[Round "4.1"]
[White "Chivulescu, Adrian-Alexandru"]
[Black "Lenkova, Lyubomira"]
[Result "1-0"]
[WhiteElo "1750"]
[BlackElo "1260"]
[PlyCount "87"]
[EventDate "2016.12.26"]
[EventType "schev"]
[EventRounds "6"]
[EventCountry "BUL"]

1. d4 d5 2. c4 c6 3. cxd5 cxd5 4. Nc3 Nf6 5. Bf4 e6 6. e3 Be7 7. Bd3 O-O 8. Nf3
Nc6 9. Rc1 a6 10. O-O Re8 (10... Nh5 11. Be5 f6 12. Bg3 Nxg3 13. hxg3 f5 14.
Na4 Bd6 15. Nc5 g5 16. Qb3 g4 17. Ne1 Rf6 18. Be2 Rh6 19. Ned3 Qe8 20. f4 gxf3
21. Rxf3 Qd8 22. Nf4 Na5 23. Qc3 b6 24. Nb3 {
1/2 (24) Grabarczyk,M (2455)-Jelling,E (2400) Gothenburg 1993}) 11. Bb1 (11. a3
Nd7 12. Na4 Nf8 13. Nc5 Bd6 14. Nxa6 Nxd4 15. Nc7 Nxf3+ 16. Qxf3 Bxc7 17. Bxc7
Qf6 18. Qg3 e5 19. Bb5 Bd7 20. Bxd7 Nxd7 21. Rc2 Qf5 22. Rfc1 Ra6 23. Qf3 Qxf3
24. gxf3 f6 25. Rd1 Rc6 {
Mercado Larrea,A (1846)-Perera Borrego,M (2096) Lucena 2012 0-1 (49)}) 11... b5
$146 (11... Bf8 12. Qd3 g6 13. Na4 Nd7 14. Bg5 Qa5 15. Nc3 Ne7 16. e4 dxe4 17.
Nxe4 Nd5 18. Ne5 Bg7 19. Nc4 Qb4 20. Ned6 Rf8 21. a3 Qa4 22. b3 Qc6 23. Ne4 f5
24. Ned2 h6 25. Bh4 g5 26. Bg3 {Kuzubov,Y-Golub,D Chalkidiki 2001 1-0 (49)}) (
11... Nh5 $142 $5 $11) 12. Nxb5 $1 $16 axb5 13. Rxc6 Bb7 14. Rc1 (14. Rc7 Ba6
$16) 14... Rc8 15. Qd2 Qb6 16. Ne5 Qa6 17. Nd3 (17. Rxc8 Rxc8 18. Rc1 Rxc1+ 19.
Qxc1 Qa5 $16) 17... Ne4 18. Qe2 Qa5 19. b3 (19. Rfd1 $5 $16) 19... Nc3 (19...
b4 20. f3 Nc3 21. Qd2 $11) 20. Qd2 (20. Rxc3 $5 Rxc3 21. Ne5 $14) 20... b4 $11
21. Rc2 Ba6 (21... Qa3 $15) 22. Rfc1 (22. a4 $142 $5 $11) 22... Qb5 $17 23.
Rxc3 bxc3 24. Qc2 Ba3 25. Rd1 g6 26. h4 h5 (26... f5 $142 $17) 27. Re1 $4 (27.
g3 Kh7 $15) 27... Qa5 (27... Qxd3 $142 28. Qxd3 Bxd3 29. Bxd3 c2 $19) 28. Ne5
$15 Kg7 (28... f5 29. Bg5 $15) 29. Bg5 (29. Bh6+ Kg8 (29... Kxh6 $4 30. Nxf7+
Kg7 31. Qxg6+ Kf8 32. Qf6 $18) 30. Bf4 f5 $15) 29... Rc7 (29... f5 30. Nf3 $15)
30. Rd1 (30. Nxf7 Bd3 31. Qxd3 c2 32. Bxc2 Qxe1+ 33. Kh2 Rxf7 34. Qxg6+ Kf8 35.
Bh6+ Ke7 36. Bg5+ Kf8 37. Bh6+ Ke7 38. Bg5+ Kf8 $11) 30... Qb5 (30... f5 31.
Bf4 $15) 31. Nxg6 (31. Nxf7 $142 $5 Rxf7 32. Qxg6+ Kf8 33. Re1 $11) 31... Qe2
$15 32. Nf4 Qxc2 33. Nxh5+ $2 (33. Bxc2 $142 Rh8 34. Re1 $15) 33... Kf8 $19 34.
Bxc2 Be2 35. Bh6+ Ke7 36. Bg5+ Kd6 $4 (36... f6 $142 37. Nxf6 Bxd1 38. Bxd1 c2
39. Nxe8+ Kxe8 40. Bxc2 Rxc2 $19) 37. Nf6 $16 Rec8 $2 (37... Bxd1 38. Nxe8+ Kd7
39. Nf6+ (39. Nxc7 $6 Bxc2 40. Nb5 Bb2 $11) 39... Ke7 40. Nxd5+ Kf8 41. Bxd1
$18 (41. Nxc7 $143 Bxc2 42. Nb5 Bb2 $16)) 38. Bf4+ (38. Re1 Ba6 $18) 38... Kc6
(38... Ke7 39. Re1 Ra7 40. Nxd5+ (40. Rxe2 $6 Kxf6 41. e4 dxe4 $16) 40... exd5
41. Rxe2 $18) 39. Re1 Rb7 (39... Be7 40. Bxc7 Kxc7 41. Nxd5+ exd5 42. Rxe2 Bxh4
$18) 40. Rxe2 Be7 (40... Ra8 41. e4 Bd6 42. exd5+ exd5 43. Bxd6 Kxd6 44. h5 $18
) 41. Be5 Ra7 42. a4 Kb6 (42... Rd8 43. e4 Bd6 44. Bxd6 Kxd6 45. exd5 $18) 43.
h5 Bf8 44. e4 1-0